000 00287nam a22001337a 4500
008 170613b xxu||||| |||| 00| 0 eng d
020 _a053456363
041 _aeng
080 _29TH
_a328
100 _a19
101 _aSHP
245 _aAMERICAN GOVERNMENT
_cWELCH,S
942 _2udc
_cBK
999 _c17229
_d17229